[Event "21st Heart of Finland"]
[Site "Jyvaskyla FIN"]
[Date "2011.07.12"]
[Round "3"]
[White "Hosia,A"]
[Black "Pudas,T"]
[Result "0-1"]
[WhiteElo "1816"]
[BlackElo "2228"]
[EventDate "2011.07.11"]

1. Nf3 d5 2. d4 Bf5 3. c4 e6 4. Nc3 Nc6 5. cxd5 exd5 6. Bf4 Bd6 7. e3 Bxf4
8. exf4 Nge7 9. Bd3 Bg4 10. Be2 O-O 11. O-O f6 12. h3 Be6 13. Bd3 Qd6 14.
Ne2 Rae8 15. Qc2 Nb4 16. Bxh7+ Kf7 17. Qb1 g6 18. g4 f5 19. Bxg6+ Kxg6 20.
Ne5+ Kh7 21. Ng3 c5 22. g5 cxd4 23. Qd1 Bf7 24. Nxf7 Rxf7 25. Qh5+ Kg7 26.
Qf3 Ng6 27. Nh5+ Kf8 28. Nf6 Re4 29. Nxe4 fxe4 0-1

[Event "21st Heart of Finland"]
[Site "Jyvaskyla FIN"]
[Date "2011.07.12"]
[Round "3"]
[White "Bicer,Sena Aksel"]
[Black "Heikkila,A"]
[Result "1-0"]
[WhiteElo "1758"]
[BlackElo "2020"]
[EventDate "2011.07.11"]

1. e4 c5 2. Nc3 g6 3. g3 Bg7 4. Bg2 Nc6 5. d3 Rb8 6. f4 b5 7. a3 e6 8. Nf3
Nge7 9. O-O d6 10. Rb1 a5 11. Be3 O-O 12. d4 b4 13. axb4 cxd4 14. Nxd4 Nxd4
15. Bxd4 Bxd4+ 16. Qxd4 Nc6 17. Qd2 axb4 18. Ne2 Qb6+ 19. Kh1 Ba6 20. Rfd1
b3 21. cxb3 Na5 22. Nc3 Rfd8 23. f5 Rd7 24. Bh3 Re8 25. fxe6 fxe6 26. Nd5
Qd8 27. Nf4 Nxb3 28. Qc2 Nc5 29. b4 Nxe4 30. Bxe6+ Rxe6 31. Nxe6 Qa8 32.
Kg1 Rf7 33. b5 Bc8 34. Nf4 Bf5 35. Ra1 Qb8 36. Qc6 Rf8 37. b6 g5 38. b7 Nc5
39. Rxd6 Nxb7 40. Qd5+ Kh8 41. Qd4+ Kg8 42. Nh5 Qc7 43. Nf6+ Kf7 44. Qd5+
Kg6 45. Ne8+ 1-0

[Event "21st Heart of Finland"]
[Site "Jyvaskyla FIN"]
[Date "2011.07.12"]
[Round "3"]
[White "Sulskis,S"]
[Black "Seppala,A"]
[Result "1-0"]
[WhiteElo "2591"]
[BlackElo "1968"]
[EventDate "2011.07.11"]

1. c4 Nf6 2. Nc3 e6 3. e4 e5 4. f4 d6 5. Nf3 Nbd7 6. d4 exd4 7. Qxd4 Nc5 8.
Be3 Be7 9. O-O-O O-O 10. e5 Ne6 11. Qd2 dxe5 12. Qc2 Qe8 13. fxe5 Ng4 14.
Bg1 f6 15. exf6 Nxf6 16. Re1 Qd8 17. c5 Kh8 18. Bc4 Nxc5 19. Bd4 Bg4 20.
Rxe7 Qxe7 21. Re1 Qd6 22. Nb5 Qf4+ 23. Be3 Qe4 24. Bxc5 Qxc2+ 25. Kxc2 Rfe8
26. Ne5 h6 27. Nxc7 Rac8 28. Nxe8 Rxc5 29. Kb3 Nxe8 30. Ng6+ Kh7 31. Nf8+
Kh8 32. Rxe8 Bh5 33. Rd8 Rc6 34. Nd7+ Kh7 35. Bg8+ 1-0

[Event "21st Heart of Finland"]
[Site "Jyvaskyla FIN"]
[Date "2011.07.12"]
[Round "3"]
[White "Kanep,M"]
[Black "Linden,L"]
[Result "1-0"]
[WhiteElo "2531"]
[BlackElo "1928"]
[EventDate "2011.07.11"]

1. d4 Nf6 2. c4 c5 3. d5 e6 4. Nc3 exd5 5. cxd5 d6 6. e4 g6 7. Nf3 a6 8.
Bd3 Bg7 9. O-O O-O 10. h3 b5 11. Bf4 Re8 12. Re1 Ra7 13. a3 Rae7 14. Qd2
Qb6 15. Rac1 Nbd7 16. b4 c4 17. Bb1 Ne5 18. Nxe5 dxe5 19. Be3 Qb8 20. a4
Rd8 21. axb5 axb5 22. Bc2 Ne8 23. Ra1 Rb7 24. Bc5 Bf8 25. Qe3 Bd7 26. Ra6
Nd6 27. Rea1 Kg7 28. f4 f6 29. fxe5 fxe5 30. Qg5 Ne8 31. Bxf8+ Kxf8 32.
Rf1+ Kg8 33. Rxg6+ hxg6 34. Qxg6+ Ng7 35. Rf7 Be8 36. Qxg7+ 1-0

[Event "21st Heart of Finland"]
[Site "Jyvaskyla FIN"]
[Date "2011.07.12"]
[Round "3"]
[White "Torkkola,Henri"]
[Black "Novik,Ma"]
[Result "0-1"]
[WhiteElo "1974"]
[BlackElo "2478"]
[EventDate "2011.07.11"]

1. d4 Nf6 2. c4 g6 3. Nc3 d5 4. cxd5 Nxd5 5. Bd2 Bg7 6. e4 Nb6 7. Be3 O-O
8. Be2 Nc6 9. Nf3 Bg4 10. d5 Bxf3 11. gxf3 Ne5 12. Qb3 c6 13. f4 Ned7 14.
dxc6 bxc6 15. h4 e6 16. h5 Qe7 17. f3 Rab8 18. Qc2 Rfe8 19. Rd1 Nd5 20.
exd5 exd5 21. Bd4 Bxd4 22. Rxd4 Qe3 23. Rd3 Qxf4 24. hxg6 hxg6 25. Qd2 Ne5
26. Re3 Rxb2 27. Qxb2 Qxe3 28. Kf1 Nd3 29. Bxd3 Qxf3+ 0-1

[Event "21st Heart of Finland"]
[Site "Jyvaskyla FIN"]
[Date "2011.07.12"]
[Round "3"]
[White "Agopov,M"]
[Black "Tocklin,T"]
[Result "1-0"]
[WhiteElo "2443"]
[BlackElo "1925"]
[EventDate "2011.07.11"]

1. e4 c6 2. d4 d5 3. Nc3 dxe4 4. Nxe4 Nf6 5. Nxf6+ gxf6 6. c3 Bf5 7. Nf3 e6
8. g3 Qd5 9. Bg2 Qc4 10. Nh4 Bg6 11. f4 Nd7 12. f5 Bxf5 13. Nxf5 exf5 14.
Qb3 Nb6 15. Rf1 Qe6+ 16. Kf2 O-O-O 17. Bf4 Bd6 18. Rfe1 Qxb3 19. axb3 Bxf4
20. gxf4 a6 21. Ra5 Nd5 22. Bxd5 Rxd5 23. Rxd5 cxd5 24. Re7 Rf8 25. b4 Kb8
26. Rd7 1-0

[Event "21st Heart of Finland"]
[Site "Jyvaskyla FIN"]
[Date "2011.07.12"]
[Round "3"]
[White "Elomaa,Arto"]
[Black "Lauk,U"]
[Result "0-1"]
[WhiteElo "1959"]
[BlackElo "2403"]
[EventDate "2011.07.11"]

1. d4 d5 2. Nf3 Nf6 3. c4 c6 4. e3 Bf5 5. Nc3 e6 6. Nh4 Bg6 7. Nxg6 hxg6 8.
cxd5 exd5 9. Bd3 Bd6 10. h3 Nbd7 11. Bd2 Nb6 12. Qe2 Qe7 13. O-O-O O-O-O
14. Kb1 Kb8 15. Bc1 Rhe8 16. f3 Bb4 17. Qc2 c5 18. dxc5 Qxc5 19. e4 Bxc3
20. Bf4+ Ka8 21. Qxc3 Qxc3 22. bxc3 dxe4 23. Bxe4 Nxe4 24. fxe4 Rc8 25. Be3
Nc4 26. Bd4 f6 27. Rhe1 b6 28. Re2 Re6 29. Rde1 Kb7 30. Kc2 Rce8 31. Kd3
Ne5+ 32. Ke3 Kc6 33. a4 Nd7 34. Kf4 Ne5 35. Ke3 R8e7 36. Kf4 Nd3+ 0-1

[Event "21st Heart of Finland"]
[Site "Jyvaskyla FIN"]
[Date "2011.07.12"]
[Round "3"]
[White "Sepman,Y"]
[Black "Seppanen,J"]
[Result "1-0"]
[WhiteElo "2319"]
[BlackElo "1910"]
[EventDate "2011.07.11"]

1. d4 c6 2. Nf3 d5 3. Bf4 Bf5 4. e3 e6 5. Bd3 Bxd3 6. Qxd3 Nf6 7. O-O Be7
8. c4 O-O 9. Nc3 Nbd7 10. cxd5 exd5 11. h3 Re8 12. Rab1 Nf8 13. b4 Ng6 14.
Bh2 Bd6 15. b5 Bxh2+ 16. Nxh2 Qd7 17. bxc6 Qxc6 18. Rfc1 Rec8 19. Nf1 Qd7
20. Qb5 Rc7 21. Qxd7 Rxd7 22. a4 Ne7 23. a5 Ne8 24. Na4 Nd6 25. Nd2 Rc8 26.
Nc5 Rdc7 27. Rc2 Nc6 28. Ra2 g6 29. g3 Nxa5 30. Rxa5 b6 31. Ra6 Nc4 32.
Ncb3 Nd6 33. Nf3 Ne4 34. Nbd2 Nc3 35. Rba1 Nb5 36. Kg2 Rc2 37. Rb1 Nc3 38.
Rb3 Rc7 39. g4 h6 40. h4 Kg7 41. g5 h5 42. Ra1 f6 43. gxf6+ Kxf6 44. Raa3
Kf5 45. Ne1 Rc1 46. Nd3 Rc2 47. Nb4 Rc1 48. Na2 Nxa2 49. Rxa2 Kg4 50. Rb5
Rd7 51. Nf3 Rd6 52. Rxa7 Rf6 53. Rf7 Rxf7 54. Ne5+ Kxh4 55. Nxf7 Rc7 56.
Ne5 1-0

[Event "21st Heart of Finland"]
[Site "Jyvaskyla FIN"]
[Date "2011.07.12"]
[Round "3"]
[White "Takku,Teppo"]
[Black "Valli,F"]
[Result "1/2-1/2"]
[WhiteElo "1904"]
[BlackElo "2242"]
[EventDate "2011.07.11"]

1. e4 e5 2. f4 Bc5 3. Nf3 d6 4. c3 Bb6 5. d4 exd4 6. cxd4 Bg4 7. Bb5+ c6 8.
Be2 Nf6 9. Nc3 O-O 10. O-O Re8 11. h3 Bxf3 12. Bxf3 c5 13. e5 cxd4 14. Na4
dxe5 15. fxe5 Nd5 16. Nxb6 axb6 17. Qxd4 Ra5 1/2-1/2

[Event "21st Heart of Finland"]
[Site "Jyvaskyla FIN"]
[Date "2011.07.12"]
[Round "3"]
[White "Pohjala,H"]
[Black "Kiseleva,A"]
[Result "1-0"]
[WhiteElo "2241"]
[BlackElo "1846"]
[EventDate "2011.07.11"]

1. d4 Nf6 2. Nf3 e6 3. g3 d5 4. Bg2 Be7 5. O-O O-O 6. b3 b6 7. Bb2 Bb7 8.
Nbd2 Nbd7 9. c4 c5 10. e3 Rc8 11. Qe2 Ba8 12. Rfd1 dxc4 13. Nxc4 cxd4 14.
Nxd4 Bxg2 15. Kxg2 Bc5 16. Qf3 Bxd4 17. Bxd4 Qc7 18. Qf4 Qxf4 19. gxf4 Nd5
20. Kf3 Nc5 21. Rac1 Nb7 22. Ne5 Nb4 23. Nd7 Rxc1 24. Rxc1 Rd8 25. Rc7 Na5
26. Rxa7 Nac6 27. Bxb6 Nxa7 28. Bxd8 Nxa2 29. Ba5 Nc6 30. Bd2 Nab4 31. Bxb4
Nxb4 32. Ke4 f6 33. Kd4 Kf7 34. Kc4 Nd5 35. Nc5 f5 36. Nd3 Ke7 37. Kc5 Kd7
38. b4 Kc7 39. b5 Nb6 40. Ne5 Na4+ 41. Kb4 Nb6 42. Nc4 Nd5+ 43. Kc5 g6 44.
b6+ Kb8 45. Kd6 Nc3 46. f3 Ne2 47. Kxe6 Ng1 48. Ne5 Nh3 49. Kf6 Kb7 50. Kg7
Kxb6 51. Kxh7 g5 52. fxg5 1-0

[Event "21st Heart of Finland"]
[Site "Jyvaskyla FIN"]
[Date "2011.07.12"]
[Round "3"]
[White "Savola,Tero"]
[Black "Tuomala,Ti"]
[Result "0-1"]
[WhiteElo "1791"]
[BlackElo "2240"]
[EventDate "2011.07.11"]

1. d4 c5 2. d5 Nf6 3. c4 g6 4. Nc3 d6 5. Bg5 Bg7 6. e4 h6 7. Bh4 Qa5 8. Qd2
g5 9. Bg3 Nh5 10. Rc1 Nd7 11. Bd3 Ne5 12. Bxe5 Bxe5 13. Nge2 Nf4 14. O-O
Bd7 15. Rc2 a6 16. a3 Nxd3 17. Qxd3 b5 18. cxb5 axb5 19. Ra1 b4 20. Nd1 Bb5
21. Qd2 Qa6 22. Ra2 b3 23. Nec3 bxa2 24. Nxa2 Bd3 25. Rc1 Bxe4 26. Nac3 Bg6
27. Ne3 O-O 28. Ng4 Bf4 29. Ne3 Qd3 30. Qxd3 Bxd3 31. Rd1 Bg6 32. Re1 Bxe3
33. Rxe3 Rfb8 34. Rxe7 Rxb2 35. h3 Rxa3 36. Re8+ Kg7 37. Ne4 Bxe4 38. Rxe4
Ra1+ 39. Kh2 Rxf2 0-1

[Event "21st Heart of Finland"]
[Site "Jyvaskyla FIN"]
[Date "2011.07.13"]
[Round "4"]
[White "Pudas,T"]
[Black "Jarvenpaa,J"]
[Result "0-1"]
[WhiteElo "2228"]
[BlackElo "2214"]
[EventDate "2011.07.11"]

1. e4 c5 2. c3 e6 3. Nf3 d5 4. exd5 exd5 5. d4 Nc6 6. Bb5 Bd6 7. O-O Nge7
8. dxc5 Bxc5 9. Nbd2 O-O 10. Nb3 Bd6 11. h3 Bf5 12. Re1 Qc7 13. Be3 Rfd8
14. a4 Be4 15. Nfd4 Ne5 16. Bf1 a6 17. a5 Nc4 18. Bc1 Bg6 19. Nc2 Bxc2 20.
Qxc2 Nc6 21. Bd3 h6 22. Ra4 N6xa5 23. Nxa5 Nxa5 24. Qe2 Nc6 25. Bb1 Ne5 26.
Qc2 Ng6 27. h4 Re8 28. Rd1 Re5 29. f4 Rh5 30. g3 Re8 31. Qg2 Qd7 32. Bc2
Nxh4 33. gxh4 Rxh4 34. Kf1 Qe6 35. f5 Rh1+ 36. Qxh1 Qe2+ 37. Kg1 Bc5+ 38.
Rad4 Qxc2 39. Qf3 Re2 40. Rf1 Re4 41. Be3 Bxd4 42. Bxd4 f6 43. Qd1 Qxb2 44.
Bxf6 Qb6+ 45. Bd4 Qd6 46. Qf3 h5 47. Rf2 Qh6 48. Kh1 Qc1+ 49. Kg2 Rg4+ 50.
Kh3 Qg5 51. Qxg4 Qxg4+ 52. Kh2 b5 53. f6 Qh4+ 54. Kg1 gxf6 55. Bxf6 Qe4 56.
Rg2+ Kf7 57. Bd4 b4 58. Rf2+ Ke8 59. Kf1 Qh1+ 60. Ke2 b3 0-1

[Event "21st Heart of Finland"]
[Site "Jyvaskyla FIN"]
[Date "2011.07.13"]
[Round "4"]
[White "Sulskis,S"]
[Black "Bicer,Sena Aksel"]
[Result "1-0"]
[WhiteElo "2591"]
[BlackElo "1758"]
[EventDate "2011.07.11"]

1. Nf3 Nf6 2. c4 g6 3. Nc3 Bg7 4. e4 d6 5. d4 O-O 6. Be2 e5 7. O-O Nc6 8.
d5 Ne7 9. Ne1 Ne8 10. f3 f5 11. g4 Nf6 12. Nd3 f4 13. h4 Nd7 14. Rf2 Bf6
15. Rh2 Kf7 16. Bf1 h6 17. Bd2 Ng8 18. Be1 Be7 19. b4 Ngf6 20. Kh1 Kg8 21.
Rc1 c6 22. Bf2 Rf7 23. c5 cxd5 24. exd5 a6 25. cxd6 Bxd6 26. Nc5 Nb6 27.
Ne6 Bxe6 28. dxe6 Re7 29. g5 hxg5 30. hxg5 Nh5 31. Bxb6 Qxb6 32. Nd5 Qd8
33. Nf6+ Kg7 34. Rxh5 gxh5 35. Qd3 Kh8 36. Qg6 Qg8 37. Nxg8 Rxg8 38. Qf6+
Reg7 39. Bd3 Rf8 40. e7 Bxe7 41. Qh6+ Kg8 42. Bc4+ 1-0

[Event "21st Heart of Finland"]
[Site "Jyvaskyla FIN"]
[Date "2011.07.13"]
[Round "4"]
[White "Pohjala,H"]
[Black "Kanep,M"]
[Result "1/2-1/2"]
[WhiteElo "2241"]
[BlackElo "2531"]
[EventDate "2011.07.11"]

1. d4 Nf6 2. Nf3 c5 3. g3 cxd4 4. Nxd4 e5 5. Nb3 Nc6 6. c4 d5 7. cxd5 Qxd5
8. Qxd5 Nxd5 9. e4 Ndb4 10. Na3 Be6 11. Be3 O-O-O 12. Nc5 Bg4 13. Be2 Bxe2
14. Kxe2 Bxc5 15. Bxc5 Nd3 16. Be3 Nxb2 17. Rab1 Nd3 18. Rb3 Ndb4 19. Rc1
Kb8 20. Rc4 a5 21. Nb5 Nd4+ 22. Nxd4 exd4 23. Bxd4 Rc8 24. Rxc8+ Rxc8 25.
a3 Na6 26. Bxg7 Rc4 27. Kd3 Ra4 28. Bd4 Kc8 29. Rc3+ Kd7 30. Bb6 Ke6 31. f3
Nb8 32. Kc2 Nd7 33. Be3 Ne5 34. Kb3 b5 35. Bf4 Nc4 36. Bc1 Ke5 1/2-1/2

[Event "21st Heart of Finland"]
[Site "Jyvaskyla FIN"]
[Date "2011.07.13"]
[Round "4"]
[White "Kiuttu,R"]
[Black "Agopov,M"]
[Result "1-0"]
[WhiteElo "2283"]
[BlackElo "2443"]
[EventDate "2011.07.11"]

1. e4 c5 2. Nf3 Nc6 3. d4 cxd4 4. Nxd4 Nf6 5. Nc3 e5 6. Ndb5 d6 7. Bg5 a6
8. Na3 b5 9. Nd5 Be7 10. Bxf6 Bxf6 11. c3 Bg5 12. Nc2 Rb8 13. Be2 O-O 14.
Nce3 b4 15. O-O bxc3 16. bxc3 Qa5 17. Qd3 Qc5 18. Qc4 Bxe3 19. Nxe3 Rb2 20.
Rab1 Rxb1 21. Rxb1 Be6 22. Qxc5 dxc5 23. Rb6 Nb8 24. Bc4 Bxc4 25. Nxc4 f6
26. Kf1 h5 27. Ke2 Rd8 28. h4 Kf8 29. Ne3 Kf7 30. Rb7+ Nd7 31. Ra7 Ke8 32.
Rxa6 Rb8 33. Nc4 Rb1 34. f3 Rc1 35. Kd2 Rh1 36. Ra8+ Ke7 37. Ne3 Kd6 38.
Kd3 Kc6 39. Rc8+ Kb7 40. Rg8 Rxh4 41. Rxg7 Kc6 42. Nd5 Kd6 43. a4 Rh1 44.
a5 Ra1 45. Nb6 Nb8 46. Nc4+ Ke6 47. Rc7 Ra2 48. g3 Nd7 49. Nb6 Nb8 50. Rxc5
Kd6 51. Rc8 Na6 52. Ra8 Nc7 53. Rd8+ Ke6 54. Nc4 Rg2 55. Rd6+ Ke7 56. Rc6
1-0

[Event "21st Heart of Finland"]
[Site "Jyvaskyla FIN"]
[Date "2011.07.13"]
[Round "4"]
[White "Ladva,O"]
[Black "Vorotnikov,V1"]
[Result "0-1"]
[WhiteElo "2037"]
[BlackElo "2422"]
[EventDate "2011.07.11"]

1. e4 e5 2. Nf3 Nc6 3. Bb5 g6 4. d4 exd4 5. c3 d3 6. Qxd3 Bg7 7. h4 h6 8.
h5 g5 9. Nd4 Nxd4 10. cxd4 c6 11. Bc4 d5 12. exd5 cxd5 13. Bb5+ Bd7 14. Nc3
Ne7 15. f4 g4 16. f5 Bxb5 17. Nxb5 Nc6 18. O-O Bf6 19. Qe2+ Kd7 20. Qxg4
Qb6 21. Nc3 Qxd4+ 22. Qxd4 Bxd4+ 23. Kh1 Bxc3 24. bxc3 Ne5 25. Bf4 Ng4 26.
Rfe1 Rac8 27. Be5 Nxe5 28. Rxe5 Kd6 29. Re3 Rhg8 30. Rb1 b6 31. g3 Rg5 32.
Kg2 Rxf5 33. g4 Rg5 34. Rf1 Rxg4+ 35. Kh3 Re4 36. Rd3 Ke6 37. Rdf3 f5 38.
Rxf5 Rxc3+ 39. Kg2 Re2+ 40. Kg1 Rg3+ 41. Kh1 Re4 42. Rf6+ Ke7 43. Kh2 Rg5
44. Kh3 Rxh5+ 45. Kg3 Re6 46. Rf7+ Kd6 47. R1f4 Re3+ 48. Kg4 Rg5+ 49. Kh4
Re4 50. R7f6+ 0-1

[Event "21st Heart of Finland"]
[Site "Jyvaskyla FIN"]
[Date "2011.07.13"]
[Round "4"]
[White "Lauk,U"]
[Black "Wallin,A"]
[Result "1/2-1/2"]
[WhiteElo "2403"]
[BlackElo "2069"]
[EventDate "2011.07.11"]

1. e4 g6 2. d4 Bg7 3. Nf3 d6 4. Nc3 Nf6 5. h3 O-O 6. Be3 a6 7. a4 Nc6 8.
Be2 e5 9. dxe5 dxe5 10. Qxd8 Rxd8 11. Bc4 Re8 12. Ng5 Nd8 13. O-O-O Ne6 14.
Nxe6 Bxe6 15. Bxe6 Rxe6 16. Nd5 Ne8 17. Rd3 Bf8 18. a5 Rc8 19. f3 Nd6 20.
Rc3 Nb5 21. Rb3 Rc6 22. Rd1 Kg7 23. Rdd3 1/2-1/2

[Event "21st Heart of Finland"]
[Site "Jyvaskyla FIN"]
[Date "2011.07.13"]
[Round "4"]
[White "Tuomala,Ti"]
[Black "Sepman,Y"]
[Result "0-1"]
[WhiteElo "2240"]
[BlackElo "2319"]
[EventDate "2011.07.11"]

1. Nf3 Nc6 2. d4 d5 3. c4 Bg4 4. cxd5 Bxf3 5. gxf3 Qxd5 6. e3 e5 7. Nc3 Bb4
8. Bd2 Bxc3 9. bxc3 Nge7 10. c4 Qd6 11. d5 Nb8 12. Qa4+ Nd7 13. Bh3 c5 14.
Rb1 b6 15. Bc3 f5 16. O-O O-O 17. Kh1 Rf6 18. f4 Rh6 19. fxe5 Nxe5 20. f4
Nxc4 21. Rf3 Rxh3 22. Rxh3 Qxd5+ 23. Kg1 Nc6 24. Rg3 g6 25. Rd1 Qe6 26. Qb3
Kf7 27. Ba1 Rg8 28. Qc3 Nd6 29. Rh3 h5 30. Qd3 Ke7 31. Qa6 g5 32. Kf1 Qe4
33. Rxh5 Qf3+ 34. Ke1 Qxh5 35. Be5 Qh4+ 36. Kd2 Nxe5 37. fxe5 Qb4+ 0-1

[Event "21st Heart of Finland"]
[Site "Jyvaskyla FIN"]
[Date "2011.07.13"]
[Round "4"]
[White "Raivio,Y"]
[Black "Rantanen,Y"]
[Result "0-1"]
[WhiteElo "2076"]
[BlackElo "2382"]
[EventDate "2011.07.11"]

1. d4 Nf6 2. c4 e6 3. Nf3 d5 4. e3 c5 5. Be2 dxc4 6. Bxc4 a6 7. O-O Nbd7 8.
a4 b6 9. Nc3 Bb7 10. Qe2 Bd6 11. b3 Qb8 12. h3 O-O 13. Bb2 e5 14. d5 e4 15.
Nd2 Qe8 16. f4 exf3 17. gxf3 Nh5 18. Nde4 f5 19. Nxd6 Qg6+ 20. Qg2 Qxd6 21.
Ne2 Ne5 22. f4 Nxc4 23. bxc4 g6 24. e4 fxe4 25. Qxe4 Rae8 26. Be5 Qd7 27.
Qg2 Bc8 28. Kh2 b5 29. axb5 axb5 30. cxb5 Qxb5 31. Nc3 Qd3 32. Rad1 Qf5 33.
Nb5 Rxe5 34. Nd6 Re2 35. Nxf5 Rxg2+ 36. Kxg2 Bxf5 37. d6 c4 0-1

[Event "21st Heart of Finland"]
[Site "Jyvaskyla FIN"]
[Date "2011.07.13"]
[Round "4"]
[White "Yrjola,J"]
[Black "Hartio,I"]
[Result "1-0"]
[WhiteElo "2366"]
[BlackElo "2071"]
[EventDate "2011.07.11"]

1. Nf3 Nf6 2. c4 g6 3. Nc3 d5 4. cxd5 Nxd5 5. Qa4+ Bd7 6. Qh4 Nf6 7. e4 c6
8. d4 Bg7 9. Bh6 O-O 10. Ng5 Qa5 11. e5 Nh5 12. Bxg7 Kxg7 13. g4 f6 14.
gxh5 fxg5 15. Qxg5 Qb4 16. O-O-O Rxf2 17. Be2 Rf5 18. Qe3 Na6 19. hxg6 Raf8
20. gxh7 Be6 21. Rhg1+ Kh8 22. Qh6 1-0

[Event "21st Heart of Finland"]
[Site "Jyvaskyla FIN"]
[Date "2011.07.13"]
[Round "4"]
[White "Heikkila,A"]
[Black "Kiltti,J"]
[Result "0-1"]
[WhiteElo "2020"]
[BlackElo "2254"]
[EventDate "2011.07.11"]

1. c4 c5 2. g3 Nc6 3. Bg2 e6 4. Nf3 Nf6 5. Nc3 Be7 6. O-O O-O 7. d4 cxd4 8.
Nxd4 a6 9. e4 Qc7 10. b3 b6 11. Be3 Bb7 12. Rc1 Bc5 13. Nc2 Rad8 14. Qe2
Qe5 15. Na4 Bxe3 16. Qxe3 b5 17. f4 Qh5 18. Bf3 Ng4 19. Bxg4 Qxg4 20. Nc5
Bc8 21. Kg2 d5 22. h3 Qg6 23. f5 exf5 24. exd5 Rfe8 25. Qd2 Ne5 26. Nd3 f4
27. Nxf4 Qe4+ 28. Kh2 Nf3+ 29. Rxf3 Qxf3 30. Nd4 Qe4 31. Nc6 Rd6 32. Ng2
Qf5 33. g4 Qd7 34. Qf4 Rf6 35. Qg3 h5 36. g5 h4 37. Qxh4 Rf3 0-1

[Event "21st Heart of Finland"]
[Site "Jyvaskyla FIN"]
[Date "2011.07.13"]
[Round "4"]
[White "Valli,F"]
[Black "Eloranta,K"]
[Result "1-0"]
[WhiteElo "2242"]
[BlackElo "2052"]
[EventDate "2011.07.11"]

1. e4 e6 2. d4 d5 3. Nc3 Bb4 4. e5 c5 5. a3 Bxc3+ 6. bxc3 Qa5 7. Bd2 Qa4 8.
Qg4 g6 9. Qd1 Nc6 10. Nf3 c4 11. h4 h6 12. Qc1 Bd7 13. Be2 O-O-O 14. Rh3 f5
15. Rg3 Be8 16. Ng1 Rd7 17. Nh3 Rg7 18. Bf3 Bf7 19. Kf1 Rgh7 20. Kg1 Nge7
21. h5 gxh5 22. Nf4 h4 23. Rh3 Ng6 24. Nh5 f4 25. Bg4 Nd8 26. Bxf4 Nxf4 27.
Nxf4 Rg8 28. Rxh4 Qa5 29. Qe3 Qb5 30. Qc1 Qa5 31. Qb2 Rhg7 32. Bh3 h5 33.
Qb4 Qxb4 34. axb4 Kb8 35. g3 Rg5 36. Kg2 R8g7 37. Kf3 a6 38. Ke3 Kc7 39.
Bg2 Rg4 40. Rah1 b6 41. Bf3 Rxh4 42. Rxh4 a5 43. bxa5 bxa5 44. Bxh5 a4 45.
Bxf7 Rxf7 46. Rh6 Re7 47. Kd2 Kb8 48. Rh8 Kc8 49. Kc1 Rb7 50. Nxe6 Rb6 51.
Rxd8+ Kb7 52. Nc5+ 1-0

[Event "21st Heart of Finland"]
[Site "Jyvaskyla FIN"]
[Date "2011.07.13"]
[Round "4"]
[White "Kivipelto,KE"]
[Black "Iivonen,M"]
[Result "1-0"]
[WhiteElo "2190"]
[BlackElo "2005"]
[EventDate "2011.07.11"]

1. d4 d6 2. g3 e5 3. Bg2 f5 4. c4 Be7 5. Nc3 Nf6 6. dxe5 dxe5 7. Qxd8+ Bxd8
8. Nf3 Nc6 9. Be3 Be6 10. b3 h6 11. Rd1 Ng4 12. Bc5 Kf7 13. e4 f4 14. h3
Nf6 15. gxf4 exf4 16. Nd4 Ne5 17. Nxe6 Kxe6 18. h4 Kf7 19. Bd4 Nfd7 20. Nd5
f3 21. Bh3 c6 22. Nf4 Ba5+ 23. Kf1 Rad8 24. Be6+ Ke7 25. Rg1 g5 26. hxg5
hxg5 27. Rxg5 Rh1+ 28. Rg1 Rh7 29. Bf5 Rh2 30. Rg7+ Kf6 31. Rg6+ Ke7 32.
Rg7+ Kf6 33. Bxd7 Rxd7 34. Bxe5+ Kxe5 35. Rdxd7 Kxf4 36. Rh7 Rxh7 37. Rxh7
Kxe4 38. Rxb7 Bb6 39. Rf7 Bd4 40. Rc7 a5 41. Rxc6 1-0

[Event "21st Heart of Finland"]
[Site "Jyvaskyla FIN"]
[Date "2011.07.13"]
[Round "4"]
[White "Tiitta,S"]
[Black "Takku,Teppo"]
[Result "1-0"]
[WhiteElo "2176"]
[BlackElo "1904"]
[EventDate "2011.07.11"]

1. e4 Nf6 2. e5 Nd5 3. d4 d6 4. Nf3 Bg4 5. Be2 e6 6. Ng5 Bf5 7. O-O Be7 8.
Nf3 Bg4 9. c4 Nb6 10. Nc3 O-O 11. Be3 Nc6 12. exd6 cxd6 13. b3 d5 14. c5
Nc8 15. a3 Bf6 16. Rc1 N8e7 17. b4 Nf5 18. Ne5 Nxe3 19. fxe3 Nxe5 20. Bxg4
Nxg4 21. Qxg4 e5 22. Rcd1 exd4 23. exd4 Kh8 24. Qf5 Bg5 25. Nxd5 g6 26. Qf3
f5 27. Nf4 Qf6 28. d5 Rfe8 29. Ne6 Rxe6 30. dxe6 Qxe6 31. Rfe1 Qf7 32. Qd5
Qf6 33. Qxb7 Rf8 34. Qd7 h5 35. Re6 Qg7 36. Qxg7+ Kxg7 37. Rd7+ Rf7 38.
Rxf7+ Kxf7 39. Ra6 Be3+ 40. Kf1 1-0

[Event "21st Heart of Finland"]
[Site "Jyvaskyla FIN"]
[Date "2011.07.13"]
[Round "4"]
[White "Hyotyla,T"]
[Black "Miednikova,S"]
[Result "1-0"]
[WhiteElo "1794"]
[BlackElo "2174"]
[EventDate "2011.07.11"]

1. d4 f5 2. Bg5 c5 3. d5 Qb6 4. Nd2 Nf6 5. Bxf6 Qxf6 6. Rb1 e5 7. e4 d6 8.
Bd3 f4 9. g3 Be7 10. Qf3 O-O 11. g4 Qh4 12. h3 h5 13. Be2 Nd7 14. Qg2 Qf6
15. gxh5 Qh6 16. Bg4 Nf6 17. Bxc8 Raxc8 18. Ngf3 Nxh5 19. Ke2 Nf6 20. Rbg1
Ne8 21. h4 Qh5 22. Kd3 b5 23. c4 a6 24. Ng5 Bxg5 25. hxg5 Qg6 26. b3 Kf7
27. Qh3 Rb8 28. Qd7+ Kg8 29. Nf3 Rf7 30. Qg4 Rfb7 31. Nh4 Qf7 32. g6 Qd7
33. Nf5 Nf6 34. Qh4 bxc4+ 35. Ke2 f3+ 36. Kxf3 Kf8 37. Qh8+ Ng8 38. Rh7
cxb3 39. Rxg7 Qxg7 40. Nxg7 Rxg7 41. Rg5 Rbb7 42. axb3 Rxb3+ 43. Kg2 Rbb7
44. Rf5+ Ke8 45. Rf6 Rbd7 46. Rxd6 Rxd6 47. Qxg7 Ne7 48. Qf7+ Kd8 49. g7 c4
50. g8=Q+ Nxg8 51. Qxg8+ Kc7 52. Qg7+ Kb6 53. Qxe5 Kc5 54. Qe7 1-0

[Event "21st Heart of Finland"]
[Site "Jyvaskyla FIN"]
[Date "2011.07.14"]
[Round "5"]
[White "Jarvenpaa,J"]
[Black "Novik,Ma"]
[Result "1-0"]
[WhiteElo "2214"]
[BlackElo "2478"]
[EventDate "2011.07.11"]

1. d4 Nf6 2. c4 g6 3. Nc3 Bg7 4. e4 d6 5. Bd3 O-O 6. Nge2 c5 7. d5 e6 8.
O-O exd5 9. exd5 Re8 10. h3 Nbd7 11. f4 a6 12. a4 Rb8 13. g4 b5 14. axb5
axb5 15. Nxb5 Rxb5 16. cxb5 Nb6 17. f5 Nfxd5 18. Ra7 Qh4 19. Rf3 Bd4+ 20.
Kg2 Bxb2 21. fxg6 hxg6 22. Bxg6 fxg6 23. Bxb2 Re7 24. Qf1 Bf5 25. Rxe7 Qxe7
26. gxf5 Nc4 27. Bc1 Qb7 28. Kg1 Qxb5 29. Qg2 Ne5 30. Rg3 Kh8 31. Qe4 Nf6
32. Qh4+ Kg8 33. Qxf6 Qxe2 34. Qe6+ Kh8 35. Qe8+ Kg7 36. Rxg6+ 1-0

[Event "21st Heart of Finland"]
[Site "Jyvaskyla FIN"]
[Date "2011.07.14"]
[Round "5"]
[White "Sepman,Y"]
[Black "Sulskis,S"]
[Result "0-1"]
[WhiteElo "2319"]
[BlackElo "2591"]
[EventDate "2011.07.11"]

1. e4 d6 2. d4 Nf6 3. Nc3 g6 4. Nf3 Bg7 5. Be2 O-O 6. O-O c5 7. dxc5 dxc5
8. Qxd8 Rxd8 9. Be3 b6 10. Rad1 Nc6 11. h3 Bb7 12. e5 Nd7 13. e6 fxe6 14.
Bc4 Nf8 15. Ng5 Bxc3 16. bxc3 Ne5 17. Bxe6+ Nxe6 18. Nxe6 Rd6 19. Bf4 Rxe6
20. Rfe1 Nf3+ 21. gxf3 Rxe1+ 22. Rxe1 Kf7 23. Bg5 Re8 24. f4 Bd5 25. Kh2 a5
26. a3 b5 27. Re5 e6 28. Re3 a4 29. f5 gxf5 30. Bf4 Be4 31. Be5 Rd8 32. Rg3
Rd5 33. f4 Rd2+ 34. Kg1 h5 35. Rg7+ Ke8 36. Rh7 Rxc2 37. Rxh5 Rg2+ 38. Kf1
Ra2 39. h4 Rxa3 40. Rh8+ Kd7 41. h5 Ra1+ 42. Kf2 a3 43. h6 Rh1 44. Rh7+ Kc6
45. Ra7 Rxh6 46. Rxa3 Kd5 47. Ra7 Rh2+ 48. Ke3 Kc4 49. Rc7 Rh3+ 50. Kd2
Rd3+ 51. Ke2 Bf3+ 52. Kf2 Bd5 53. Ke2 Rh3 54. Kd2 Rh2+ 55. Ke1 b4 56. cxb4
Kxb4 57. Rc8 c4 58. Kd1 Be4 59. Rb8+ Ka3 60. Kc1 c3 61. Rh8 Rb2 62. Rb8 Rf2
63. Rd8 c2 64. Rc8 0-1

[Event "21st Heart of Finland"]
[Site "Jyvaskyla FIN"]
[Date "2011.07.14"]
[Round "5"]
[White "Vorotnikov,V1"]
[Black "Mertanen,J"]
[Result "1-0"]
[WhiteElo "2422"]
[BlackElo "2333"]
[EventDate "2011.07.11"]

1. d4 Nf6 2. Nf3 e6 3. e3 c5 4. c4 Be7 5. Nc3 O-O 6. Be2 d6 7. O-O Nbd7 8.
d5 e5 9. e4 Ne8 10. Ne1 Bg5 11. Nd3 g6 12. g3 Bxc1 13. Qxc1 Nb6 14. b3 Bh3
15. Re1 Kg7 16. f4 f6 17. f5 gxf5 18. Nf2 Bg4 19. Bxg4 fxg4 20. Nxg4 Kh8
21. Rf1 Ng7 22. Nh6 Nc8 23. Rf2 Ne7 24. Qf1 Ng8 25. Qh3 Nxh6 26. Qxh6 Rf7
27. Raf1 Ne8 28. Nd1 Rg7 29. Ne3 Kg8 30. Qh3 Kh8 31. Qe6 Re7 32. Qf5 Rg7
33. Qe6 Re7 34. Qh3 Rg7 35. Ng4 Rg6 36. Qh4 Kg7 37. Rf5 Qe7 38. Rh5 Kh8 39.
Rh6 Rxh6 40. Qxh6 Qg7 41. Qh5 Qg6 42. Nxf6 Qxh5 43. Nxh5 Kg8 44. g4 a6 45.
g5 b5 46. Nf6+ Nxf6 47. Rxf6 Rd8 48. Kg2 bxc4 49. bxc4 a5 50. Kg3 Rb8 51.
Rxd6 Rb4 52. Kg4 Rxc4 53. Kf5 Rc2 54. Rc6 1-0